000
00324nam a22001337a 4500
008
180119b xxu||||| |||| 00| 0 eng d
020
_a
9781285109367
041
_a
eng
080
_a
334.7
100
_a
55
101
_a
FIN
245
_a
ACCOUTING FOR DERIVATES AND FINANCIAL INSTRUMENTS
_c
JONES.W
942
_2
udc
_c
BK
999
_c
40575
_d
40575